00787cam a2200217 a 4500001000500000005001700005020001800022040002300040050002200063082001100085100002800096245005800124250004200182260003400224300005800258505000800316520018700324521002000511521002000531650001800551256620240105154409.0 a9780439858007 aDLCcDLCdDLCbeng00aPZ7.G29334b 200400a813.541 aGeorge, Lindsay Barrett10aInside mouse, outside mouse /cLindsay Barrett George aFirst Scholastic printing, April 2006 aNew York :bScholastic,c2004 a31 unnumbered pages : bcolor illustrations ; c30 cm aE  aTwo mice, one who sleeps inside the house in a clock and one who sleeps outside the house in a stump, follow complicated but strangely parallel paths and meet each other at a window. a270 bLexile  aE bRaz-Plus  1aMicevFiction